Agricultura urbana familiar en una ciudad media en Chiapas : (Record no. 188171)
[ view plain ]
| 000 -CABECERA | |
|---|---|
| campo de control de longitud fija | 02260nab a2200253 a 4500 |
| 005 - FECHA Y HORA DE LA ÚLTIMA TRANSACCIÓN | |
| campo de control | 20210219163100.0 |
| 008 - ELEMENTOS DE LONGITUD FIJA--INFORMACIÓN GENERAL | |
| campo de control de longitud fija | 991125s1985 mx 000 0 spa u |
| 035 ## - NÚMERO DE CONTROL DEL SISTEMA | |
| Número de control de sistema | UPN01000216071 |
| 049 ## - COLECCIÓN | |
| Colección | ART |
| 100 1# - ASIENTO PRINCIPAL--NOMBRE PERSONAL | |
| Nombre de persona | Calderón Cisneros, Araceli |
| 100 1# - ASIENTO PRINCIPAL--NOMBRE PERSONAL | |
| Filiación | aracalcis@yahoo.com.mx |
| 222 #0 - TÍTULO CLAVE | |
| Título clave | ESTUDIOS SOCIALES : REVISTA DE INVESTIGACION CIENTIFICA |
| 245 00 - MENCIÓN DE TÍTULO | |
| Título | Agricultura urbana familiar en una ciudad media en Chiapas : |
| Resto del título | implicaciones para la sustentabilidad urbana |
| 260 ## - PUBLICACIÓN, DISTRIBUCIÓN, ETC. | |
| Lugar de publicación, distribución, etc. | Hermosillo, México |
| 300 ## - DESCRIPCIÓN FÍSICA | |
| Extensión | 101-129 |
| 362 0# - FECHAS DE PUBLICACIÓN Y/O DESIGNACIÓN SECUENCIAL | |
| Fecha de publicación y/o designación secuencial | 2016 Volumen 26, número 48, julio-diciembre |
| 520 3# - NOTA DE RESUMEN, ETC. | |
| Sumario, etc. | La investigación tuvo por objetivo analizar cuál es el papel de la agricultura urbana familiar en la construcción de la sustentabilidad en una ciudad media, tomando como caso de estudio a San Cristóbal de Las Casas en Chiapas. La metodología se basó en el diseño de una investigación cualitativa, basada principalmente en entrevistas abiertas y estructuradas, que permitiera abordar la sustentabilidad de la agricultura urbana desde la perspectiva de la resiliencia socioecológica. En el trabajo se encontraron los siguientes resultados: los sistemas agrícolas visitados presentan características que favorecen la resiliencia y la sustentabilidad en la ciudad: las familias cultivan hortalizas, frutales y otras plantas comestibles, y crían animales menores, optimizando el espacio, fuerza de trabajo y tiempo disponible. Predomina un bajo uso de insumos externos y químicos, el aprovechamiento y reciclaje de residuos domésticos, y el manejo germoplasma local. La limitación que se detectó fue que, aunque el aporte de la propia producción al consumo familiar es muy bajo, existen motivaciones alimentarias, ambientales y socio-culturales que animan su continuidad. Se concluye que el aporte de la agricultura urbana para la sustentabilidad en las ciudades medias, tiene como base las experiencias productivas y recursos locales, considerando su vinculación regional |
| 653 0# - TERMINO DE INDIZACION - NO CONTROLADO | |
| Término no controlado | AGRICULTURA URBANA FAMILIAR |
| 653 0# - TERMINO DE INDIZACION - NO CONTROLADO | |
| Término no controlado | SAN CRISTOBAL DE LAS CASAS, CHIAPAS |
| 653 0# - TERMINO DE INDIZACION - NO CONTROLADO | |
| Término no controlado | RESILIENCIA SOCIOECOLOGICA |
| 653 0# - TERMINO DE INDIZACION - NO CONTROLADO | |
| Término no controlado | SUSTENTABILIDAD URBANA |
| 856 4# - LOCALIZACIÓN Y ACCESO ELECTRÓNICOS | |
| Identificador Uniforme del Recurso | <a href="http://www.redalyc.org/articulo.oa?id=41746402004">http://www.redalyc.org/articulo.oa?id=41746402004</a> |
| 905 ## - TIPO DE MATERIAL | |
| Tipo de material | Articulo |
No items available.
